Non-European Bundesliga Players - Statistics

General Stats
  • This quiz has been taken 5 times
  • The average score is 2 of 73
Answer Stats
Nation Player % Correct
n Canada Alphonso Davies
100%
a Burkina Faso Edmond Tapsoba
20%
w South Korea Min Jae Kim
20%
a Algeria Ramy Bensebaini
20%
w Japan Ritsu Doan
20%
a Guinea Serhou Guirassy
20%
a Nigeria Victor Boniface
20%
s Brazil Yan Couto
20%
s Argentina Aaron Anselmino
0%
a Mali Amadou Haidara
0%
a Benin Andreas Hountondji
0%
s Brazil Arthur
0%
s Brazil Arthur Chaves
0%
a Algeria Badredine Bouanani
0%
a Gambia Bakery Jatta
0%
a Ivory Coast Bazoumana Toure
0%
s Brazil Bernardo
0%
a Morocco Bilal El Khannouss
0%
a Cameroon Christian Kofane
0%
s Argentina Claudio Echeverri
0%
n USA Cole Campbell
0%
w Australia Connor Metcalfe
0%
a Burkina Faso Cyriaque Irie
0%
a Libya Daniel Elfadli
0%
a Tunisia Elias Saad
0%
a Morocco Eliesse Ben Seghir
0%
a Tunisia Ellyes Skhiri
0%
s Argentina Equi Fernandez
0%
s Argentina Exequiel Palacios
0%
a Algeria Fares Chaibi
0%
n USA Giovanni Reyna
0%
w Japan Hiroki Ito
0%
a Algeria Ibrahim Maza
0%
a Togo Ihlas Bebou
0%
n Suriname Immanuel Pherai
0%
a Tunisia Ismael Gharbi
0%
w Australia Jackson Irvine
0%
w South Korea Jae-Sung Lee
0%
n USA James Sands
0%
w South Korea Jens Castrop
0%
w Japan Joel Chima Fujita
0%
n USA Joe Scally
0%
a Nigeria Jordan Torunarigha
0%
s Argentina Julian Malatini
0%
w Japan Kaishu Sano
0%
w Australia Kasey Bos
0%
s Brazil Kaua Santos
0%
a Nigeria Kevin Akpoguma
0%
w Indonesia Kevin Diks
0%
n USA Kevin Paredes
0%
w Japan Koki Machida
0%
n USA Lennard Maloney
0%
s Colombia Luiz Diaz
0%
n USA Malik Tillman
0%
a Algeria Mohammed Amoura
0%
a Cameroon Nathan Ngoumou
0%
a Nigeria Nathan Tella
0%
s Argentina Nicolas Capaldo
0%
a Senegal Nicolas Jackson
0%
n USA Noahkai Banks
0%
a Ghana Ransford Königsdörffer
0%
s Brazil Rogerio
0%
s Brazil Romulo
0%
a DR Congo Samuel Essende
0%
w Japan Shuto Machino
0%
w Japan Sota Kawasaki
0%
n USA Timothy Chandler
0%
s Brazil Vinicius Souza
0%
a Comoros Warmed Omari
0%
w South Korea Woo-Yeong Jeong
0%
a Ivory Coast Yan Diomande
0%
w Japan Yuito Suzuki
0%
w Japan Yukinari Sugawara
0%
No matching quizzes found
Score Distribution
Percent of People with Each Score
Percentile by Number Answered
Your Score History
You have not taken this quiz